000
00322pam a2200133a 44500
008
230405s2022 xxu||||| |||| 00| 0 eng d
041
_a
ENG
100
_a
DR V.M .SHINDE
245
_a
HERBAL DRUG TECHNOLOGY ( DR.V.M SHINDE )
250
_a
4
260
_a
PUNE
_b
NIRALI PRAKASHAN
_c
2022
300
_a
9.5
906
_a
2666
999
_c
277937
_d
277937